| Tag |
First Indicator |
Second Indicator |
Subfields |
| LEADER |
00000pam a2200000 a 4500 |
| 001 |
in00000536321 |
| 005 |
20151013163405.0 |
| 008 |
790906s1980 nmua 00010 engm |
| 010 |
|
|
|a 79021344
|
| 020 |
|
|
|a 0913270822
|
| 035 |
|
|
|a (OCoLC)05410535
|
| 035 |
|
|
|9 ACG8107AM
|
| 040 |
|
|
|a DLC
|c DLC
|d m.c.
|d TXA
|d UtOrBLW
|
| 049 |
|
|
|a TXAM
|c [490736]
|
| 050 |
0 |
0 |
|a PS3521.L65
|b G7
|
| 082 |
0 |
|
|a 811/.5/2
|
| 100 |
1 |
|
|a Kloss, Phillips Wray,
|d 1902-
|
| 245 |
1 |
4 |
|a The great kiva :
|b a poetic critique of religion /
|c by Phillips Kloss ; with etchings of Gene Kloss.
|
| 250 |
|
|
|a 1st ed.
|
| 264 |
|
1 |
|a Santa Fe, N.M. :
|b Sunstone Press,
|c 1980.
|
| 300 |
|
|
|a 105 pages :
|b illustrations ;
|c 28 cm.
|
| 336 |
|
|
|a text
|b txt
|2 rdacontent
|
| 337 |
|
|
|a unmediated
|b n
|2 rdamedia
|
| 338 |
|
|
|a volume
|b nc
|2 rdacarrier
|
| 999 |
|
|
|a MARS
|
| 999 |
f |
f |
|s 032af879-ff6e-3cc0-b47f-ad5f83843161
|i 1a5fb12d-598a-32cd-b6ed-e99359d19d8e
|t 0
|
| 952 |
f |
f |
|p ric
|a Texas A&M University
|b Rellis Campus
|c Joint Library Facility
|d Remote Storage
|t 0
|e PS3521.L65 G7
|h Library of Congress classification
|i unmediated -- volume
|m A14808166784
|
| 998 |
f |
f |
|a PS3521.L65 G7
|t 0
|l Remote Storage
|